[Event "Muensterland Verbandsklasse-B 0405"]
[Site "Muensterland"]
[Date "2005.04.23"]
[Round "9.6"]
[White "Voss, Norbert"]
[Black "Loeckmann, Berthold"]
[Result "1/2-1/2"]
[WhiteElo "1850"]
[BlackElo "1735"]
[PlyCount "82"]
[EventDate "2004.09.11"]
[EventType "team"]
[EventRounds "9"]
[EventCountry "GER"]
[SourceTitle "EXT 2006"]
[Source "ChessBase"]
[SourceDate "2005.11.24"]
[SourceVersion "1"]
[SourceVersionDate "2005.11.24"]
[SourceQuality "1"]
[WhiteTeam "Muenster IV"]
[BlackTeam "Westbevern II"]
[WhiteTeamCountry "GER"]
[BlackTeamCountry "GER"]

1. Nc3 d5 2. e4 dxe4 3. Nxe4 Bf5 4. Ng3 Bg6 5. c3 c6 6. Bc4 e5 7. Nf3 Bd6 8. 0-0 Nd7 9. Re1 Qc7 10. d4 0-0-0 11. Qb3 exd4 12. cxd4 Nb6 13. Bg5 Rf8 14. d5 f6 15. Be3 Nxc4 16. Qxc4 Bf7 17. Bxa7 Bxd5 18. Qg4+ Qd7 19. Nf5 Kc7 20. h3 h5 21. Qg6 Ne7 22. Nxe7 Bxe7 23. Be3 Bxf3 24. Qg3+ Bd6 25. Qxf3 g5 26. Qe4 Re8 27. Qa4 Ra8 28. Qb3 Ra6 29. Rad1 Re8 30. Qc3 Qf7 31. a3 Be5 32. Bd4 Bxd4 33. Qxd4 Rxe1+ 34. Rxe1 Ra8 35. Qc5 Re8 36. Rd1 Qe7 37. Qa5+ Kc8 38. Qf5+ Kc7 39. Qa5+ Kc8 40. Qf5+ Kc7 41. Qa5+ Kc8 1/2-1/2

[Event "Muensterland Verbandsklasse-B 0405"]
[Site "Muensterland"]
[Date "2005.01.22"]
[Round "5.6"]
[White "Emming, Benedikt"]
[Black "Loeckmann, Berthold"]
[Result "1-0"]
[WhiteElo "1757"]
[BlackElo "1735"]
[PlyCount "81"]
[EventDate "2004.09.11"]
[EventType "team"]
[EventRounds "9"]
[EventCountry "GER"]
[SourceTitle "EXT 2006"]
[Source "ChessBase"]
[SourceDate "2005.11.24"]
[SourceVersion "1"]
[SourceVersionDate "2005.11.24"]
[SourceQuality "1"]
[WhiteTeam "Suedlohn II"]
[BlackTeam "Westbevern II"]
[WhiteTeamCountry "GER"]
[BlackTeamCountry "GER"]

1. e4 e5 2. Nf3 Nc6 3. Bb5 a6 4. Ba4 Nf6 5. 0-0 d6 6. Re1 Bg4 7. h3 Bh5 8. c3 Be7 9. Bxc6+ bxc6 10. d4 exd4 11. cxd4 0-0 12. Nc3 Nd7 13. Qd3 c5 14. Ne2 cxd4 15. Nfxd4 Nc5 16. Qc2 Bf6 17. Nf4 Bxd4 18. Nxh5 Ne6 19. Ng3 Qf6 20. Rb1 Rfe8 21. Be3 Be5 22. Nf1 Rab8 23. b3 c5 24. Nd2 Bc3 25. Rbc1 Bb2 26. Rb1 Bc3 27. Rec1 Bxd2 28. Qxd2 Nc7 29. Rd1 Re6 30. Rbc1 Ne8 31. f3 Qe7 32. Rc3 Rc8 33. Qc2 f5 34. b4 fxe4 35. bxc5 exf3 36. cxd6 Rxc3 37. Qxc3 Rxe3 38. Qc4+ Qe6 39. Qxe6+ Rxe6 40. d7 f2+ 41. Kxf2 1-0

[Event "Muensterland Verbandsklasse-B 0203"]
[Site "Muensterland"]
[Date "2003.03.15"]
[Round "7.6"]
[White "Loeckmann, Berthold"]
[Black "Kadenbach, Wolfgang"]
[Result "1/2-1/2"]
[WhiteElo "1722"]
[BlackElo "1755"]
[PlyCount "33"]
[EventDate "2002.09.28"]
[EventType "team"]
[EventRounds "9"]
[EventCountry "GER"]
[SourceTitle "EXT 2004"]
[Source "ChessBase"]
[SourceDate "2003.11.25"]
[SourceVersion "1"]
[SourceVersionDate "2003.11.25"]
[SourceQuality "1"]
[WhiteTeam "Westbevern II"]
[BlackTeam "Raesfeld Erle"]
[WhiteTeamCountry "GER"]
[BlackTeamCountry "GER"]

1. e4 e6 2. d4 d5 3. Nd2 c5 4. c3 Nc6 5. Ngf3 cxd4 6. cxd4 dxe4 7. Nxe4 Nf6 8. Nxf6+ Qxf6 9. Bb5 Bb4+ 10. Bd2 Bxd2+ 11. Qxd2 Bd7 12. 0-0 0-0 13. Rfd1 Rfc8 14. Ne5 Be8 15. Bxc6 Bxc6 16. Rac1 Bd5 17. Rxc8+ 1/2-1/2